Não tropece na língua : (Record no. 1574)

MARC details
000 -LÍDER
Campo Fixo de Controle 00793nam a2200241 a 4500
001 - NÚMERO DE CONTROLE
Campo de Controle 1574
003 - IDENTIFICAÇÃO DO NÚMERO DE CONTROLE
Campo de Controle BR-CuiBMT
005 - DATA E HORA DA ÚLTIMA ATUALIZAÇÃO
Campo de Controle 20231215222636.0
008 - DADOS FIXOS
Dados Fixos 231215s2012 prba 001 0 por d
020 ## - INTERNATIONAL STANDARD BOOK NUMBER
Nº do ISBN 9788565017039
040 ## - AGÊNCIA CATALOGADORA
Código da Agência Catalogadora BR-CuiBMT
Agência que transcreveu o registro BR-CuiBMT
080 ## - Nº DA CLASSIFICAÇÃO DECIMAL UNIVERSAL
Nº edição CDU 2007
Nº Class. CDU 811.134.3
090 ## - NÚMERO DE CHAMADA
Nº classificação 811.134.3
Cutter P579n
100 1# - ENTRADA PRINCIPAL -- AUTOR PESSOAL
Nome pessoal Piacentini, Maria Tereza de Queiroz,
Datas associadas ao nome 1951-
245 ## - TÍTULO PRINCIPAL
Título principal Não tropece na língua :
Subtítulo lições e curiosidades do português brasileiro /
Indicação de responsabilidade Maria Tereza de Queiroz Piacentini.
260 ## - PUBLICAÇÃO, DISTRIBUIÇÃO, ETC.
Local de publicação Curitiba :
Editora Bonijuris,
Data 2012.
300 ## - DESCRIÇÃO FÍSICA
N. páginas ou volumes 302 p.:
Ilustrações il.
Dimensões 23 cm
504 ## - NOTA DE BIBLIOGRAFIA, ETC.
Nota de bibliografia inclui bibliografia e índice.
650 ## - ASSUNTO TÓPICO
Cabeçalho tópico ou nome geográfico Língua portuguesa
Subdivisão geral gramática
650 ## - ASSUNTO TÓPICO
Cabeçalho tópico ou nome geográfico Língua portuguesa
Subdivisão geral erros de uso
650 ## - ASSUNTO TÓPICO
Cabeçalho tópico ou nome geográfico Gramática
Subdivisão geral estudo e ensino
942 ## - ELEMENTOS DE ENTRADA ADICIONAIS (KOHA)
Fonte de classificação ou esquema de arquivamento Classificação Decimal Universal
Tipo de item do Koha Livros
Holdings
Estado: removido Estado: perdido Fonte de classificação ou esquema de arquivamento Estado: danificado Indisponível para empréstimo Localização permanente Localização atual Data de aquisição Total Checkouts Número de Chamada completo Código de barras Date last seen Número do exemplar Preço efetivo a partir de Tipo de item (Koha)
    Classificação Decimal Universal     Biblioteca da Escola Superior de Contas do TCE/MT Biblioteca da Escola Superior de Contas do TCE/MT 15/12/2023   811.134.3 P579n BIBTCEMT23120613 15/12/2023 Ex. 1 15/12/2023 Livros

Powered by Koha